000 00387nam a2200157Ia 4500
008 130318s9999 xx 000 0 und d
020 _a70444897
082 _a005.432L PET/C
100 _aPetersen, Richard
245 _aComplete reference Linux
250 _a4
260 _bTata Mc Graw Hill
_aNew Delhi
_c2001
300 _a1257
_e2 CD
650 _aLINUX
650 _aOPERATING SYSTEM
999 _c453
_d453